Велика отново (Запис номер 190297)
[ съкратено ]
| 000 -Лидер | |
|---|---|
| Контролно поле с фиксирана дължина | 02619nam a2200541 c 4500 |
| 003 - Код на организацията, давaща контролен номер | |
| Контролно поле | BLK |
| 005 - Дата и час на последна редакция | |
| Контролно поле | 20241216105235.0 |
| 008 - Елементи от данни с фиксирана дължина | |
| fixed length control field | 180411b bul|||||r ||||||| ||bul|| |
| 010 ## - Наследен системен номер | |
| LC control number | KNG00199432000 |
| 020 ## - Международен стандартен номер на книга ISBN | |
| Международен стандартен номер на книга ISBN | 978-619-7080-14-8 |
| -- | издат.: Еуниката |
| 040 ## - Източник на каталожния запис | |
| Идентификатор на билиотеката - собственик на записа | BLK |
| 041 ## - Код за език | |
| Код за езика на текст/звукозапис или на отделно заглавие | Български |
| Код за езика КДБФ | Български |
| 072 #7 - Код за тематичната категория | |
| Код организация | bullib |
| Код за тематична категория | Н32 |
| Текст | Политика Н |
| 080 ## - УДК | |
| Текстов определител УДК | Политика. Вж и 341 ; 342 |
| УДК код - определител по УДК | 32 |
| УДК определител | (73) |
| УДК - код + определител | 32(73) |
| 080 ## - УДК | |
| Текстов определител УДК | Избори. - Плебисцити. Народно гласуване. Референдуми. Изборна борба. Резултати от избори. Вж и 342. 8 |
| УДК код - определител по УДК | 324 |
| УДК определител | (73) |
| УДК - код + определител | 324(73) |
| 080 ## - УДК | |
| Текстов определител УДК | Политика. Вж и 341 ; 342 |
| УДК код - определител по УДК | 32 |
| УДК определител | (73)(092) |
| УДК - код + определител | 32(73)(092) |
| 080 ## - УДК | |
| Текстов определител УДК | Икономическо положение. Икономическа политика. Управление. Планиране. Производство. Услуги. Цени |
| УДК код - определител по УДК | 338 |
| УДК определител | (73)(092) |
| УДК - код + определител | 338(73)(092) |
| 080 ## - УДК | |
| Текстов определител УДК | Американски милиардер, предприемач |
| УДК код - определител по УДК | 929 Тръмп, Доналд Дж. |
| УДК определител | |
| УДК - код + определител | 929 Тръмп, Доналд Дж. |
| 100 1# - Редна дума - Автор | |
| Автор | Тръмп, Доналд Дж. |
| Авторска отговорност | първи автор |
| R(LIN) | 368202 |
| 139 ## - Редно поле | |
| Редна дума | Тръмп, Доналд Дж. |
| Авторски знак | Тру - Т 87 |
| 245 10 - Сведения за заглавието | |
| Заглавие | Велика отново |
| Подзаглавни данни | Как да излекуваме нашата осакатена Америка |
| Редно поле (дума) | Доналд Дж. Тръмп; прев. Тодор Кенов Кенов. |
| 257 ## - Страна на издаване | |
| Страна на създаване/издаване | Съединени американски щати |
| 260 ## - Област на издателските данни | |
| -- | София |
| Име на издателя, разпространителя и проч. | Еуниката |
| Година на издаване | 2017 |
| Печатница | София : Монт |
| 300 ## - Физическа характеристика | |
| Страници | 224 с., 8 л. |
| Илюстрации и др. | със сн. |
| Размери/Мащаб | 20 см |
| 380 ## - Жанр | |
| Жанр | Обществени науки |
| 490 1# - СЕРИИ (Колекции) | |
| Име на серия | Поредица Политика |
| 500 ## - Общи забележки | |
| Забележка | Ориг. загл. Great Again : How to Fix Our Crippeled America / Donald Trump. - За автора. |
| 600 14 - Име на лице, използвано като предмет | |
| За него / За нея | Тръмп, Доналд Дж. |
| 9 (RLIN) | 368202 |
| 650 #4 - Допълнително описание по предмет – тема | |
| Основно описание – тема или топоним | САЩ - политика |
| 9 (RLIN) | 243742 |
| 650 #4 - Допълнително описание по предмет – тема | |
| Основно описание – тема или топоним | Тръмп, Доналд Дж. |
| 9 (RLIN) | 368202 |
| 650 #4 - Допълнително описание по предмет – тема | |
| Основно описание – тема или топоним | Президенти - САЩ |
| 9 (RLIN) | 247820 |
| 650 #4 - Допълнително описание по предмет – тема | |
| Основно описание – тема или топоним | Предприемачество - биографии |
| 9 (RLIN) | 265780 |
| 651 #4 - Допълнително описание по предмет - топоним | |
| Географско понятие | САЩ |
| 9 (RLIN) | 179493 |
| 653 ## - Ключова дума – ненормативна | |
| Ключова дума | политика |
| 653 ## - Ключова дума – ненормативна | |
| Ключова дума | Доналд Тръмп |
| 653 ## - Ключова дума – ненормативна | |
| Ключова дума | политици |
| 653 ## - Ключова дума – ненормативна | |
| Ключова дума | президенти |
| 653 ## - Ключова дума – ненормативна | |
| Ключова дума | предприемачи |
| 653 ## - Ключова дума – ненормативна | |
| Ключова дума | избори |
| 659 ## - Тематичен бюлетин | |
| Тематичен бюлетин | Н |
| 700 ## - Други автори (авторска отговорност) | |
| Лично име | Кенов, Тодор Кенов |
| 9 (RLIN) | 363938 |
| 852 ## - Местоположение | |
| Форматна сигнатура | Цб 284130 |
| 856 4# - Електронен адрес и достъп | |
| Електронен формат | pdf - файл |
| Път до файла /url/ | |
| 856 4# - Електронен адрес и достъп | |
| Електронен формат | pdf - файл |
| Път до файла /url/ | |
| 942 ## - АРТИКУЛИ | |
| Вид на библиотечния материал | Книги |
| Скрит в OPAC | Не |
| Koha issues (borrowed), all copies | 6 |
| 944 ## - СЪЗДАВАНЕ И РЕДАКЦИЯ на ЗАПИСА | |
| Създаване/Редакция | Създаване |
| Дата на регистрацията/редакция | 27.01.2017 |
| Статус, дата на статуса | Мартин Енчев |
| Служител, извършил регистрацията/редакцията | 30575 |
| 944 ## - СЪЗДАВАНЕ И РЕДАКЦИЯ на ЗАПИСА | |
| Създаване/Редакция | Редакция |
| Дата на регистрацията/редакция | 01.02.2017 |
| Статус, дата на статуса | ф / |
| Служител, извършил регистрацията/редакцията | Людмила_Стоянова |
| 999 ## - СИСТЕМНИ КОНТРОЛНИ НОМЕРА | |
| Koha biblionumber | 190297 |
| Koha biblioitemnumber | 190297 |
| Код за отписване | Код за изгубен артикул | Код за повреда | Коз за рестрикции | Код за отдаване | Артикулен № | Име на библиотеката - собственик | Име на библиотеката, в която се намира в момента | Статус (Текущо местоположение) | Дата на вписване в системата | Местоположение - отдел | Цена в лева | Инвентарен номер | Систематично азбучна сигнатура | Баркод | Номер на екземпляра | Цена в евро | Служебна бележка | Служебен тип на артикула | Източник на класификационната схема |
|---|---|---|---|---|---|---|---|---|---|---|---|---|---|---|---|---|---|---|---|
| Не е изгубен | Не е повреден | без рестрикции | заемане за дома | 334815 | Регионална библиотека "Любен Каравелов" Русе | Регионална библиотека "Любен Каравелов" Русе | Заемна - подръчен фонд | 2017-01-27 | Заемна - подръчен фонд | 18.00 | 120000807980 | П 32(7)/Т 87 | 120000807980 | 1 | 9.20 | Дост: Pk Вид: Ф N: 481 Дата: 27.01.2017 Дата инв: 10.02.2018 Бележки инв: П2018 | Книги | ||
| Не е изгубен | Не е повреден | без рестрикции | ползва се в читалня | 679247 | Регионална библиотека "Любен Каравелов" Русе | Регионална библиотека "Любен Каравелов" Русе | Хранилище | 2018-08-22 | Хранилище | 18.00 | 120000822320 | Цб 289774 | 120000822320 | 9.20 | Книги | Universal Decimal Classification |